000 00556nam a22001817a 4500
005 20251108171154.0
008 250721s2002 xx 000 0 ara d
082 1 4 _aم/415/آجر
100 1 _aإبن جروم، أبو عبد الله محمد بن محمد
245 1 0 _aشرح الآجرومية /
264 _bدار الأنصار،
_c2002.
300 _a438ص.
650 1 7 _aقواعد اللغة
650 1 7 _aاللغة العربية
700 1 _aالعثيمين، محمد بن صالح
_eشرح
942 _2ddc
_cREF
999 _c58430
_d58430